01052nam a2200241 a 4500001001000000003000500010005001700015008004100032010001100073011001100084040000900095100002400104245018600128260004100314500006000355502008700415650005500502650004200557650005700599650004500656700003900701856007000740000111940CHAP20220329144237.0151016s2015 mx a fsm |||||||spa d a108401 a109373 cCHAP1 aMiranda Ruiz, Dania10aValoración económica de los servicios ambientales en el suelo de conservación del Distrito Federal /h[En línea]cpor Dania Miranda Ruiz y Víctor Omar Hernández Almaraz. aChapingo, Méx. :bEl autor,c2015. aPara ver el contenido del material haga clic en la liga aTesis (Ing. en Restauración Forestal) -- UACH. División de Ciencias Forestales14aMedio ambientexContaminaciónzMéxico (D. F.).14aRecursos naturalesxAdministración.14aRecursos naturalesxConservaciónzMéxico (D.F.).14aSuelosxConservaciónzMéxico (D.F.).1 aHernández Almaraz, Víctor Omar aFinding aiduhttp://10.13.5.2/tesis/sist111940.pdfzTeclea aquí